00323nam a2200121Ia 4500008004100000041000800041082001700049100001800066245003400084260004200118300003200160365000900192240624s9999 xx 000 0 und d aeng a332.0917 AYU aAYUB MUHAMMAD aUNDERSTANDING ISLAMIC FINANCE c2007aNew JerseybJohn Wiley and Sons axxvi, : 516 : p. : cm. ; 25 cb30